| 000 | 00654nam a2200217 a 4500 | ||
|---|---|---|---|
| 001 | 61145 | ||
| 003 | BD-RjUL | ||
| 005 | 20211209080927.0 | ||
| 008 | 170115s2000 bg ||||| |||| 00| 0 eng d | ||
| 020 | _a9848203251 | ||
| 035 | _a(BD-RjUL)61269 | ||
| 040 |
_aBD-RjUL _beng _cBD-RjUL _dBD-RjUL |
||
| 041 | _aeng | ||
| 082 |
_223 _a657 _bISA 2000 |
||
| 100 | 1 |
_aIslam, M. Zohurul _9182447 |
|
| 245 |
_aAccounting philosophy ethics and principles : _bthe Islamic perspective / _cM Zohurul Islam |
||
| 260 |
_aDhaka : _bBangladesh Institute of Islamic Thought, _cISA 2000 |
||
| 300 |
_a254 p. ; _c22 cm. |
||
| 650 |
_aAccounting. _9175106 |
||
| 942 |
_2ddc _cBK |
||
| 999 |
_c61145 _d61145 |
||